[Event "Open SSM A Agosto"]
[Site "Milano ITA"]
[Date "2012.07.30"]
[Round "5"]
[White "Cani, Gazmir"]
[Black "Falchi, Claudio"]
[WhiteElo "2151"]
[BlackElo "1849"]
[Result "1-0"]
[PlyCount "115"]
[EventDate "2012.07.27"]

1. d4 e6 2. c4 f5 3. Nf3 Nf6 4. g3 d5 5. Bg2 c6 6. O-O Bd6 7. Qc2 O-O 8. Bf4
Bxf4 9. gxf4 Bd7 10. Nbd2 Ne4 11. Rab1 Be8 12. b4 Bh5 13. b5 Nd7 14. a4 Ndf6
15. e3 Nxd2 16. Nxd2 Ne4 17. Nf3 Bxf3 18. Bxf3 Qh4 19. Bxe4 fxe4 20. f3 Qh3 21.
Qg2 Qxg2+ 22. Kxg2 exf3+ 23. Kxf3 dxc4 24. bxc6 bxc6 25. Rb7 Rf7 26. Rxf7 Kxf7
27. Rc1 Ke7 28. Rxc4 Kd6 29. Rc5 Rb8 30. Ra5 Rb7 31. h4 Rf7 32. Ke4 g6 33. h5
gxh5 34. Rxh5 Rb7 35. Rh6 Rf7 36. Kd3 Kd7 37. a5 Kd6 38. Kc3 Rf5 39. Kb4 Rf7
40. a6 Kd5 41. Rh5+ Kd6 42. Kc4 Kc7 43. Rh6 Kd6 44. f5 Rxf5 45. Rxh7 Ra5 46.
Rxa7 c5 47. Ra8 cxd4 48. a7 Ke5 49. exd4+ Ke4 50. Re8 Rxa7 51. Rxe6+ Kf5 52. d5
Rc7+ 53. Kb5 Rc8 54. Re1 Kf6 55. d6 Rb8+ 56. Kc6 Rc8+ 57. Kb7 Rh8 58. d7 1-0

[Event "Open SSM A Agosto"]
[Site "Milano ITA"]
[Date "2012.07.30"]
[Round "5"]
[White "Cazzaniga, Walter"]
[Black "Montoli, Marco"]
[WhiteElo "2148"]
[BlackElo "1886"]
[Result "1/2-1/2"]
[PlyCount "74"]
[EventDate "2012.07.27"]

1. d4 Nf6 2. c4 g6 3. Nc3 d5 4. Nf3 Bg7 5. Qb3 dxc4 6. Qxc4 O-O 7. e4 a6 8. e5
b5 9. Qb3 Nfd7 10. e6 fxe6 11. Be3 Nb6 12. h4 Nd5 13. h5 Nxe3 14. fxe3 c5 15.
hxg6 hxg6 16. O-O-O Nc6 17. dxc5 Qc7 18. Bd3 Rf6 19. Ne4 Rf5 20. Nh4 Na5 21.
Qc2 Bb7 22. Nxf5 exf5 23. Ng5 Qe5 24. Nf3 Qxe3+ 25. Kb1 e5 26. Rhe1 Qf4 27. Qd2
Qxd2 28. Nxd2 Nc6 29. Bf1 Nd4 30. Nb3 Be4+ 31. Bd3 Bxg2 32. Nxd4 exd4 33. Rg1
Bf3 34. Rde1 Kf7 35. a4 Bc6 36. a5 Bd5 37. b4 Bc4 1/2-1/2

[Event "Open SSM A Agosto"]
[Site "Milano ITA"]
[Date "2012.07.30"]
[Round "5"]
[White "Gongalov, Bojan"]
[Black "Coppola, Federico"]
[WhiteElo "2090"]
[BlackElo "1844"]
[Result "1-0"]
[PlyCount "106"]
[EventDate "2012.07.27"]

1. d4 Nf6 2. Nf3 c5 3. g3 cxd4 4. Nxd4 Nc6 5. Bg2 g6 6. O-O Bg7 7. c4 Nxd4 8.
Qxd4 O-O 9. Nc3 d6 10. Bg5 h6 11. Bxf6 Bxf6 12. Qd2 Bg7 13. Rfd1 Be6 14. b3 Qd7
15. Rac1 Rac8 16. Nd5 Bxd5 17. Qxd5 Rc7 18. h4 h5 19. Kh2 Rd8 20. Rb1 a6 21. a4
b5 22. axb5 axb5 23. Qxb5 Qxb5 24. cxb5 Rc2 25. b6 e6 26. Rbc1 Rxc1 27. Rxc1 d5
28. f4 Rb8 29. e4 Rxb6 30. exd5 Rxb3 31. Rc8+ Bf8 32. dxe6 fxe6 33. Be4 Kg7 34.
Bxg6 Kxg6 35. Rxf8 Kg7 36. Ra8 Rb5 37. Ra6 Kf6 38. Kh3 Rd5 39. Kg2 Rb5 40. Kf3
Rb3+ 41. Kg2 Rb5 42. Kh3 Rc5 43. Ra8 Rb5 44. Ra3 Rb4 45. Ra5 Kg6 46. Rg5+ Kh6
47. Re5 Rb6 48. Kg2 Kg6 49. Ra5 Kh6 50. Kf3 Rc6 51. Rb5 Ra6 52. Ke4 Rc6 53. Ke5
Ra6 1-0

[Event "Open SSM A Agosto"]
[Site "Milano ITA"]
[Date "2012.07.30"]
[Round "5"]
[White "Margstahler, Francesco"]
[Black "D'Avino, Luca"]
[WhiteElo "1787"]
[BlackElo "1863"]
[Result "1/2-1/2"]
[PlyCount "61"]
[EventDate "2012.07.27"]

1. e4 e6 2. d4 d5 3. Nd2 Nf6 4. e5 Nfd7 5. Bd3 c5 6. c3 Nc6 7. Ne2 cxd4 8. cxd4
f6 9. exf6 Nxf6 10. O-O Bd6 11. Nf3 Qc7 12. Bg5 O-O 13. Bh4 Nh5 14. Bg3 Nxg3
15. Nxg3 g6 16. a3 Qg7 17. Bb1 Bd7 18. Ba2 Bc7 19. Qd3 Rf7 20. Rad1 Bb6 21. Ne2
Bc7 22. Ng3 Raf8 23. Ng5 Rf4 24. Qe3 Qe7 25. Nf3 Qf6 26. Rd2 Rg4 27. Qd3 Qg7
28. Re1 Qf6 29. Red1 Bb6 30. Qe3 Bc8 31. Qd3 1/2-1/2

[Event "Open SSM A Agosto"]
[Site "Milano ITA"]
[Date "2012.07.30"]
[Round "5"]
[White "Moroni, Luca jr"]
[Black "Martinez, Rolly"]
[WhiteElo "2128"]
[BlackElo "2425"]
[Result "0-1"]
[PlyCount "146"]
[EventDate "2012.07.27"]

1. Nf3 Nf6 2. c4 e6 3. g3 b6 4. Bg2 Bb7 5. O-O Be7 6. b3 O-O 7. Bb2 c5 8. e3 d6
9. Nc3 a6 10. Qc2 Qc7 11. Rad1 Nbd7 12. Ne1 Rfd8 13. f4 d5 14. d3 Bc6 15. e4 d4
16. Nb1 b5 17. Nd2 Nb6 18. Nef3 bxc4 19. Nxc4 Nxc4 20. bxc4 Nd7 21. Rb1 Rab8
22. e5 Qa5 23. Ba1 Qa4 24. Rfc1 Rdc8 25. Ne1 Bxg2 26. Qxg2 Bd8 27. Qc2 Qa3 28.
Nf3 h6 29. Nd2 Ba5 30. Nb3 Bc7 31. Qb2 Qa4 32. Qc2 Rb4 33. Nd2 Rxb1 34. Nxb1
Qc6 35. Qg2 Ba5 36. Qxc6 Rxc6 37. Rc2 g5 38. Nd2 Kg7 39. Kg2 Kg6 40. Ne4 f6 41.
exf6 Nxf6 42. Nxf6 Kxf6 43. fxg5+ hxg5 44. Kf3 Kf5 45. g4+ Ke5 46. Bb2 Rc8 47.
Re2+ Kd6 48. Bc1 Rf8+ 49. Kg2 Bd8 50. Rf2 Rg8 51. Rf7 Be7 52. Ba3 Rc8 53. Rg7
a5 54. Bc1 Rb8 55. Bxg5 Rb2+ 56. Kg3 Bxg5 57. Rxg5 Rd2 58. h4 Rxd3+ 59. Kf2
Rd2+ 60. Kf3 Rxa2 61. h5 Ra3+ 62. Kf2 Ra2+ 63. Kf3 Ra3+ 64. Kf2 Rh3 65. Kg2 Rh4
66. Kg3 Rh1 67. Kg2 d3 68. Rg8 Kc7 69. Rg7+ Kc6 70. Kxh1 d2 71. Rg6 d1=Q+ 72.
Kg2 Qe2+ 73. Kg3 a4 0-1

[Event "Open SSM A Agosto"]
[Site "Milano ITA"]
[Date "2012.07.30"]
[Round "5"]
[White "Pace, Pietro Dario"]
[Black "Miracola, Massimiliano"]
[WhiteElo "2266"]
[BlackElo "2118"]
[Result "1-0"]
[PlyCount "95"]
[EventDate "2012.07.27"]

1. e4 c6 2. d4 d5 3. f3 dxe4 4. fxe4 e5 5. Nf3 Bg4 6. Bc4 Nd7 7. O-O Ngf6 8. c3
Bd6 9. Be3 O-O 10. Nbd2 Qc7 11. Qc2 b5 12. Bd3 Bh5 13. h3 Rfe8 14. a4 a6 15.
Nh4 Bg6 16. Nf5 Bf8 17. Rae1 Rad8 18. Qd1 Nc5 19. Bc2 Nxa4 20. Bxa4 bxa4 21.
Qxa4 exd4 22. Bxd4 c5 23. Bxf6 gxf6 24. Nc4 Re6 25. Qc2 Rde8 26. Qd3 Qb7 27.
Rf4 Bxf5 28. Rxf5 Rxe4 29. Ref1 Qb5 30. Qg3+ Kh8 31. Nd6 Bxd6 32. Qxd6 R4e6 33.
Qc7 R6e7 34. Qxc5 Qxc5+ 35. Rxc5 Re2 36. Rxf6 Rxb2 37. Rxf7 Rg8 38. Rf2 Rbb8
39. Rc7 Rg5 40. c4 Rg7 41. Rxg7 Kxg7 42. Kf1 Rc8 43. Rc2 Kf6 44. Ke2 Ke5 45.
Kd3 a5 46. Re2+ Kd6 47. Kd4 Kc6 48. Re6+ 1-0

[Event "Open SSM A Agosto"]
[Site "Milano ITA"]
[Date "2012.07.30"]
[Round "5"]
[White "Papale, Carmelo"]
[Black "Cacciola, Alfredo"]
[WhiteElo "1868"]
[BlackElo "2087"]
[Result "0-1"]
[PlyCount "46"]
[EventDate "2012.07.27"]

1. e4 c5 2. Nf3 d6 3. d4 cxd4 4. Nxd4 Nf6 5. Nc3 g6 6. Bc4 Bg7 7. Be3 O-O 8. f3
Nc6 9. Qd2 Bd7 10. g4 Ne5 11. Bb3 b5 12. Bh6 b4 13. Nce2 a5 14. a4 bxa3 15.
bxa3 a4 16. Ba2 Qc7 17. h4 Bxh6 18. Qxh6 Qa5+ 19. Kf1 Bxg4 20. fxg4 Nexg4 21.
Qg5 Qxg5 22. hxg5 Nxe4 23. Bd5 Ne3+ 0-1

[Event "Open SSM A Agosto"]
[Site "Milano ITA"]
[Date "2012.07.30"]
[Round "5"]
[White "Pelizzola, Danilo"]
[Black "Guzzetti, Luigi Enrico"]
[WhiteElo "2045"]
[BlackElo "1908"]
[Result "1-0"]
[PlyCount "51"]
[EventDate "2012.07.27"]

1. e4 c5 2. Nf3 e6 3. d4 cxd4 4. Nxd4 a6 5. g3 Qc7 6. Bg2 Nc6 7. O-O Nf6 8. b3
Nxd4 9. Qxd4 Qxc2 10. Na3 Qc5 11. Qd3 e5 12. Nc4 b5 13. Nxe5 Bb7 14. Bb2 d6 15.
Rac1 Qb6 16. Bd4 Qd8 17. Nc6 Bxc6 18. Rxc6 Be7 19. Bb6 Qb8 20. e5 dxe5 21. Bc7
Qa7 22. Bxe5 Rd8 23. Qc2 Qd7 24. Rxf6 Bxf6 25. Bc6 Bxe5 26. Re1 1-0

[Event "Open SSM A Agosto"]
[Site "Milano ITA"]
[Date "2012.07.30"]
[Round "5"]
[White "Pierandrei, Cristiano"]
[Black "Bonazzi, Edoardo"]
[WhiteElo "1983"]
[BlackElo "2101"]
[Result "1/2-1/2"]
[PlyCount "39"]
[EventDate "2012.07.27"]

1. Nf3 Nf6 2. c4 e6 3. g3 c5 4. Bg2 d5 5. cxd5 Nxd5 6. Nc3 Nc6 7. d4 Be7 8. O-O
O-O 9. e4 Nxc3 10. bxc3 cxd4 11. cxd4 b6 12. Qa4 Bb7 13. Be3 Rc8 14. Rfd1 Na5
15. Nd2 Qd6 16. Qb5 Rfd8 17. Qh5 Qa3 18. Qg4 Rc2 19. Bh6 g6 20. d5 1/2-1/2

[Event "Open SSM A Agosto"]
[Site "Milano ITA"]
[Date "2012.07.30"]
[Round "5"]
[White "Quaranta, Cristiano"]
[Black "Montani, Francesco"]
[WhiteElo "2105"]
[BlackElo "2214"]
[Result "0-1"]
[PlyCount "126"]
[EventDate "2012.07.27"]

1. d4 d5 2. c4 Nc6 3. Nc3 dxc4 4. d5 Ne5 5. Nf3 Nxf3+ 6. exf3 e5 7. Bxc4 Bd6 8.
O-O Ne7 9. Ne4 O-O 10. Re1 a6 11. Bd2 b5 12. Bb3 a5 13. a4 b4 14. f4 Ng6 15.
Nxd6 cxd6 16. fxe5 Nxe5 17. Bf4 Qf6 18. Bxe5 dxe5 19. Qe2 e4 20. Qd2 Bf5 21.
Rac1 Rac8 22. Rxc8 Rxc8 23. Rc1 Rxc1+ 24. Qxc1 Qd4 25. h3 h6 26. Qf4 g6 27. g4
Qxb2 28. gxf5 Qxb3 29. Qxe4 Qd1+ 30. Kh2 gxf5 31. Qxf5 Qd4 32. Kg2 b3 33. Qc8+
Kg7 34. d6 b2 35. Qc2 Qd5+ 36. f3 Qg5+ 37. Kh2 Qf4+ 38. Kg2 Qc1 39. Qf5 Qg5+
40. Qxg5+ hxg5 41. d7 b1=Q 42. d8=Q Qb2+ 43. Kf1 Qe5 44. Qd7 Kf6 45. Qd8+ Kf5
46. Qd7+ Kg6 47. Kg2 Qe2+ 48. Kg3 f5 49. Qc6+ Kh5 50. f4 Qe1+ 51. Kh2 Qf2+ 52.
Kh1 Qf1+ 53. Kh2 Qxf4+ 54. Kg1 Qg3+ 55. Kf1 Qxh3+ 56. Kf2 Qh4+ 57. Kf1 Qf4+ 58.
Kg1 Qe4 59. Qb5 Qe1+ 60. Kh2 Kg4 61. Qd7 Qf2+ 62. Kh1 Kg3 63. Qc7+ f4 0-1

[Event "Open SSM A Agosto"]
[Site "Milano ITA"]
[Date "2012.07.30"]
[Round "5"]
[White "Seminara, Antonio"]
[Black "Colombo, Luca"]
[WhiteElo "1978"]
[BlackElo "1887"]
[Result "1/2-1/2"]
[PlyCount "118"]
[EventDate "2012.07.27"]

1. d4 Nf6 2. Bg5 Ne4 3. h4 c5 4. dxc5 Qa5+ 5. Nd2 Nxd2 6. Qxd2 Qxc5 7. e4 Nc6
8. Nf3 d6 9. a3 g6 10. Bd3 Bg7 11. Rb1 Bg4 12. Be3 Qa5 13. Qxa5 Nxa5 14. Nd4 a6
15. f3 Bd7 16. b4 Nc6 17. Nxc6 Bxc6 18. c4 b5 19. h5 Kd7 20. Kd2 bxc4 21. Bxc4
e6 22. h6 Bf6 23. b5 axb5 24. Bxb5 Bxb5 25. Rxb5 Rhc8 26. Rb3 Ra4 27. Rhb1 Rac4
28. Rb7+ R8c7 29. Rxc7+ Kxc7 30. Rb3 Ra4 31. Kd3 d5 32. Bf4+ e5 33. Be3 d4 34.
Bd2 Be7 35. Bb4 Bxb4 36. axb4 Ra2 37. g3 Kb6 38. Kc4 Rc2+ 39. Kd5 f6 40. Ke6
Rc3 41. Rb1 Rxf3 42. Kf7 f5 43. Kg7 fxe4 44. Kxh7 Rxg3 45. Rh1 Rc3 46. Kxg6 e3
47. h7 Rc8 48. Kf5 e2 49. Ke4 Kb5 50. Kd3 Kxb4 51. Kxe2 Rh8 52. Kd3 Kb3 53.
Rb1+ Ka2 54. Rb7 Rd8 55. Rd7 Rh8 56. Ke4 Kb3 57. Kxe5 Kc3 58. Rc7+ Kd3 59. Rd7
Ke3 1/2-1/2

[Event "Open SSM A Agosto"]
[Site "Milano ITA"]
[Date "2012.07.30"]
[Round "5"]
[White "Tarelli, Daniele"]
[Black "Virzi, Ettore"]
[WhiteElo "1909"]
[BlackElo "1964"]
[Result "1/2-1/2"]
[PlyCount "126"]
[EventDate "2012.07.27"]

1. e4 e5 2. Nf3 Nc6 3. Bb5 a6 4. Ba4 Nf6 5. O-O b5 6. Bb3 Bc5 7. d3 d6 8. c3
O-O 9. Be3 Qe7 10. Nbd2 h6 11. Qe2 Bxe3 12. fxe3 Be6 13. Bc2 d5 14. d4 dxe4 15.
Nxe4 Bc4 16. Nxf6+ Qxf6 17. Bd3 Bxd3 18. Qxd3 Rae8 19. Qc2 exd4 20. exd4 Qd6
21. Rae1 Qd5 22. a3 Nd8 23. b4 Re6 24. Re5 Rxe5 25. Nxe5 Nc6 26. Rf5 Nxe5 27.
Rxe5 Qd7 28. Qe4 c6 29. Re7 Qd8 30. h3 a5 31. Re5 axb4 32. axb4 Qa8 33. Kh2 Qb8
34. g3 Qa8 35. h4 Qa1 36. Qxc6 Qa2+ 37. Kh3 f6 38. Rxb5 Qe2 39. Rf5 Re8 40. b5
Re3 41. b6 Qe1 42. Qg2 Qxc3 43. b7 Re8 44. Rb5 Qc7 45. Rc5 Qd7+ 46. Kh2 Rb8 47.
Qa2+ Kh8 48. Qd5 Qxd5 49. Rxd5 Rxb7 50. Kh3 Kg8 51. Kg4 Kf7 52. h5 Rb3 53. Rd7+
Ke6 54. Rxg7 Rd3 55. Rg6 Rxd4+ 56. Kh3 Rd5 57. Rxh6 Kf7 58. Rh7+ Kg8 59. Rh6
Kf7 60. g4 Rg5 61. Rh7+ Kg8 62. Ra7 f5 63. gxf5 Rxf5 1/2-1/2

[Event "Open SSM A Agosto"]
[Site "Milano ITA"]
[Date "2012.07.31"]
[Round "6"]
[White "Bonazzi, Edoardo"]
[Black "Falchi, Claudio"]
[WhiteElo "2101"]
[BlackElo "1849"]
[Result "1/2-1/2"]
[PlyCount "120"]
[EventDate "2012.07.27"]

1. c4 e6 2. g3 d5 3. Nf3 c6 4. b3 f5 5. Bg2 Nf6 6. O-O Bd6 7. d4 Qe7 8. Qc2 O-O
9. Nbd2 Bd7 10. Ne1 Be8 11. Ndf3 Bh5 12. Nd3 Bxf3 13. Bxf3 Nbd7 14. Bf4 Bxf4
15. Nxf4 g5 16. Nd3 Ne4 17. Bg2 g4 18. Nf4 Qf7 19. f3 gxf3 20. exf3 Nef6 21.
Rfe1 Rae8 22. Re3 Nh5 23. Nxh5 Qxh5 24. Rae1 Rf6 25. f4 Rh6 26. Qe2 Qxh2+ 27.
Kf2 Nf6 28. Rh1 Ng4+ 29. Kf3 Qxh1 30. Bxh1 Nxe3 31. Qxe3 Rxh1 32. Qe5 Kf7 33.
a4 Rb1 34. Qe3 dxc4 35. bxc4 Rb4 36. a5 Rxc4 37. Qb3 Rxd4 38. Qxb7+ Re7 39.
Qxc6 Rd5 40. Qc3 Red7 41. Qh8 Ke7 42. Qxh7+ Kd6 43. Qh2 Rxa5 44. Qd2+ Rd5 45.
Qb4+ Kc6 46. Qa4+ Kb6 47. Qb3+ Kc5 48. Qa3+ Kc6 49. Qa4+ Kd6 50. Qb4+ Rc5 51.
g4 fxg4+ 52. Kxg4 a5 53. Qb6+ Kd5 54. Qb3+ Kd6 55. Qb6+ Rc6 56. Qxa5 Rg7+ 57.
Kf3 Rgc7 58. Qe5+ Kd7 59. f5 Rc3+ 60. Kf4 exf5 1/2-1/2

[Event "Open SSM A Agosto"]
[Site "Milano ITA"]
[Date "2012.07.31"]
[Round "6"]
[White "Cacciola, Alfredo"]
[Black "Cazzaniga, Walter"]
[WhiteElo "2087"]
[BlackElo "2148"]
[Result "0-1"]
[PlyCount "50"]
[EventDate "2012.07.27"]

1. e4 e6 2. d4 d5 3. Nd2 Nf6 4. e5 Nfd7 5. Bd3 c5 6. c3 Nc6 7. Ne2 cxd4 8. cxd4
f6 9. exf6 Nxf6 10. Nf3 Bd6 11. O-O O-O 12. Bf4 Nh5 13. Bxd6 Qxd6 14. Re1 Bd7
15. Rc1 Rxf3 16. gxf3 e5 17. dxe5 Nxe5 18. Be4 Bc6 19. Qb3 Kh8 20. Red1 Nf6 21.
Ng3 Qf8 22. Rxd5 Nxd5 23. Bxd5 Nxf3+ 24. Kh1 Nd2 25. Qd3 Rd8 0-1

[Event "Open SSM A Agosto"]
[Site "Milano ITA"]
[Date "2012.07.31"]
[Round "6"]
[White "Colombo, Luca"]
[Black "Margstahler, Francesco"]
[WhiteElo "1887"]
[BlackElo "1787"]
[Result "1/2-1/2"]
[PlyCount "94"]
[EventDate "2012.07.27"]

1. e4 c6 2. d4 d5 3. exd5 cxd5 4. Bd3 Nc6 5. c3 Qc7 6. Nf3 Bg4 7. Nbd2 e6 8.
Nf1 Nf6 9. Ng3 Be7 10. h3 Bxf3 11. Qxf3 O-O 12. Bg5 e5 13. Bxf6 e4 14. Qg4 Bxf6
15. Nh5 Qd6 16. Be2 g6 17. Nxf6+ Qxf6 18. O-O Qd6 19. Qg5 Kg7 20. Qe3 f5 21. f4
Rac8 22. g4 Ne7 23. g5 a6 24. h4 b5 25. a3 Nc6 26. Rf2 Na5 27. Rh2 Nc4 28. Bxc4
bxc4 29. h5 Rh8 30. Kf2 Rb8 31. Qd2 Rbe8 32. Ke3 Qb6 33. Rah1 Qb8 34. Qd1 Qb5
35. Qe2 a5 36. Qg2 Qc6 37. hxg6 hxg6 38. Rh6 Rxh6 39. Rxh6 Rh8 40. Qg3 Rxh6 41.
gxh6+ Kxh6 42. Qg5+ Kg7 43. Qe7+ Kg8 44. Qd8+ Kg7 45. Qxa5 Qb7 46. Qb4 Qxb4 47.
cxb4 Kf7 1/2-1/2

[Event "Open SSM A Agosto"]
[Site "Milano ITA"]
[Date "2012.07.31"]
[Round "6"]
[White "Coppola, Federico"]
[Black "Miracola, Massimiliano"]
[WhiteElo "1844"]
[BlackElo "2118"]
[Result "1-0"]
[PlyCount "53"]
[EventDate "2012.07.27"]

1. e4 c5 2. Nf3 d6 3. d4 cxd4 4. Nxd4 Nf6 5. Nc3 Nc6 6. Bg5 Bd7 7. Qd2 h6 8.
Bxf6 gxf6 9. f4 Nxd4 10. Qxd4 Qa5 11. O-O-O Rc8 12. Be2 h5 13. Kb1 Qc5 14. Qd3
Bg7 15. Qg3 Kf8 16. Rd5 h4 17. Rxc5 hxg3 18. Rxc8+ Bxc8 19. h3 Rh4 20. f5 Bh6
21. Bg4 Bf4 22. Ne2 Be5 23. c3 Bd7 24. Nd4 e6 25. Re1 Ke7 26. Nf3 Bc6 27. Nxh4
1-0

[Event "Open SSM A Agosto"]
[Site "Milano ITA"]
[Date "2012.07.31"]
[Round "6"]
[White "Guzzetti, Luigi Enrico"]
[Black "Pierandrei, Cristiano"]
[WhiteElo "1908"]
[BlackElo "1983"]
[Result "0-1"]
[PlyCount "108"]
[EventDate "2012.07.27"]

1. e4 e5 2. Nf3 Nc6 3. Bb5 a6 4. Ba4 Nf6 5. O-O Be7 6. Re1 b5 7. Bb3 d6 8. c3
O-O 9. d4 Bg4 10. d5 Na5 11. Bc2 c6 12. dxc6 Qc7 13. Nbd2 Qxc6 14. Nf1 Rfe8 15.
Bg5 Nc4 16. Rb1 Nd7 17. Bxe7 Rxe7 18. h3 Bh5 19. g4 Bg6 20. Nh4 Nc5 21. Nxg6
hxg6 22. Ne3 Nxe3 23. Rxe3 g5 24. Qd5 Qxd5 25. exd5 Rc7 26. Bb3 a5 27. Bd1 Nd7
28. Be2 Rb8 29. b3 Nf6 30. Rd1 Rc5 31. c4 bxc4 32. Bxc4 Nd7 33. Kh2 Kf8 34. Kg3
Nb6 35. Ba6 Rxd5 36. Rxd5 Nxd5 37. Rd3 Rb6 38. Bc4 Nf4 39. Rd2 Ke7 40. h4 gxh4+
41. Kxh4 Rb8 42. Kg3 Rd8 43. Bd5 Rc8 44. Bc4 Rc5 45. f3 d5 46. Bf1 g5 47. Kf2
Rc3 48. Bg2 Kd6 49. Bf1 Kc5 50. Bg2 Nd3+ 51. Ke2 Nb4 52. f4 gxf4 53. a3 Re3+
54. Kd1 Nd3 0-1

[Event "Open SSM A Agosto"]
[Site "Milano ITA"]
[Date "2012.07.31"]
[Round "6"]
[White "Martinez, Rolly"]
[Black "Gongalov, Bojan"]
[WhiteElo "2425"]
[BlackElo "2090"]
[Result "1-0"]
[PlyCount "109"]
[EventDate "2012.07.27"]

1. e4 Nf6 2. e5 Nd5 3. c4 Nb6 4. d4 d6 5. exd6 exd6 6. Nc3 Be7 7. Bd3 O-O 8.
Nge2 c5 9. d5 Bg4 10. Qc2 Bxe2 11. Nxe2 h6 12. O-O N8d7 13. Ng3 Ne5 14. Be2 Re8
15. b3 Bf6 16. Rb1 Ng6 17. Bd3 Nh4 18. Bd2 Nd7 19. Qd1 Bd4 20. Bc2 Nf6 21. b4
b5 22. bxc5 bxc4 23. Bxh6 dxc5 24. Bg5 Ng6 25. Nh5 Qd6 26. Bxf6 Bxf6 27. Bxg6
fxg6 28. Nxf6+ Qxf6 29. Qc2 c3 30. Rb3 Rad8 31. Rxc3 Rxd5 32. Rxc5 Rf5 33. g3
Rf8 34. Rc6 Qg5 35. h4 Qg4 36. Qc4+ Qxc4 37. Rxc4 Ra5 38. a4 Rf3 39. Rb1 g5 40.
hxg5 Rxg5 41. Kg2 Ra3 42. Rb7 a5 43. Rf4 Ra1 44. Ra7 Kh7 45. g4 Kg6 46. Re4 Rd5
47. Ree7 Kf6 48. Rf7+ Kg5 49. Rxg7+ Kf4 50. Raf7+ Ke4 51. f3+ Ke3 52. Re7+ Kd3
53. Re4 Rd4 54. Rxd4+ Kxd4 55. Re7 1-0

[Event "Open SSM A Agosto"]
[Site "Milano ITA"]
[Date "2012.07.31"]
[Round "6"]
[White "Montani, Francesco"]
[Black "Moroni, Luca jr"]
[WhiteElo "2214"]
[BlackElo "2128"]
[Result "1-0"]
[PlyCount "83"]
[EventDate "2012.07.27"]

1. d4 d5 2. Nc3 Nf6 3. Bg5 e6 4. e4 dxe4 5. Nxe4 Be7 6. Bxf6 Bxf6 7. Nf3 O-O 8.
c3 b6 9. Bd3 Bb7 10. Qc2 Nd7 11. O-O-O h6 12. h4 g6 13. g4 Bg7 14. g5 h5 15.
Rhg1 Qe7 16. Ne5 Nxe5 17. dxe5 Bxe4 18. Bxe4 Rad8 19. f4 Rxd1+ 20. Rxd1 Rd8 21.
Rxd8+ Qxd8 22. Qa4 a5 23. Qd4 Qe8 24. Qc4 Qd7 25. Bc6 Qe7 26. a3 Bf8 27. b4 Qd8
28. Kc2 Be7 29. Qd3 Qf8 30. Kb3 Qb8 31. Qd7 Bf8 32. f5 gxf5 33. g6 fxg6 34.
Qxe6+ Kh7 35. Be8 Bg7 36. Qxg6+ Kg8 37. Qf7+ Kh8 38. Qxh5+ Kg8 39. Bf7+ Kf8 40.
Qxf5 Ke7 41. Qe6+ Kf8 42. Bg6 1-0

[Event "Open SSM A Agosto"]
[Site "Milano ITA"]
[Date "2012.07.31"]
[Round "6"]
[White "Montoli, Marco"]
[Black "Cani, Gazmir"]
[WhiteElo "1886"]
[BlackElo "2151"]
[Result "1/2-1/2"]
[PlyCount "49"]
[EventDate "2012.07.27"]

1. c4 e5 2. g3 Nf6 3. Bg2 Nc6 4. Nc3 Bb4 5. Nd5 Be7 6. d3 O-O 7. Nf3 d6 8. O-O
Nxd5 9. cxd5 Nb8 10. Qc2 f5 11. e3 Na6 12. Bd2 Qe8 13. b4 g5 14. d4 e4 15. Ne1
Bd8 16. a4 Qh5 17. f3 exf3 18. Bxf3 Qg6 19. Bg2 Nb8 20. Rc1 Nd7 21. g4 fxg4 22.
Qxg6+ hxg6 23. Rxf8+ Kxf8 24. e4 a5 25. bxa5 1/2-1/2

[Event "Open SSM A Agosto"]
[Site "Milano ITA"]
[Date "2012.07.31"]
[Round "6"]
[White "Pelizzola, Danilo"]
[Black "Pace, Pietro Dario"]
[WhiteElo "2045"]
[BlackElo "2266"]
[Result "1-0"]
[PlyCount "119"]
[EventDate "2012.07.27"]

1. e4 g6 2. d4 Bg7 3. Nf3 c6 4. Bd3 d5 5. Be3 dxe4 6. Bxe4 Nf6 7. Bd3 O-O 8.
O-O c5 9. c3 cxd4 10. Bxd4 Nc6 11. Bc5 Qc7 12. Qe2 b6 13. Ba3 Re8 14. Nbd2 a6
15. Rfe1 b5 16. Rad1 Bb7 17. Ne4 Ng4 18. Neg5 Nge5 19. Bb1 h6 20. Nxe5 Qxe5 21.
Nf3 Qc7 22. Be4 Rac8 23. Bc5 Na5 24. Bxb7 Qxb7 25. Be3 Nc4 26. Bc1 e5 27. Nd2
Nxd2 28. Qxd2 Rc7 29. Qd5 Qc8 30. Be3 Rce7 31. Bc5 Re6 32. Bb4 Bf6 33. Qd7 Qc4
34. Qd5 Qf4 35. Qe4 Qg5 36. Rd3 h5 37. Red1 Bg7 38. Bc5 Bf8 39. Bxf8 Rxf8 40.
Rd7 Rfe8 41. Qb7 Rf6 42. Qe4 Rf4 43. Qe3 h4 44. h3 Qf5 45. R7d6 a5 46. R6d5 b4
47. cxb4 axb4 48. Re1 f6 49. Qa7 Qe6 50. Rd7 Kf8 51. Rh7 Re7 52. Qc5 Ke8 53.
Rh8+ Kf7 54. Rd1 Rd4 55. Rxd4 exd4 56. Rh7+ Ke8 57. Rxe7+ Qxe7 58. Qxe7+ Kxe7
59. Kf1 Kd6 60. Ke2 1-0

[Event "Open SSM A Agosto"]
[Site "Milano ITA"]
[Date "2012.07.31"]
[Round "6"]
[White "Quaranta, Cristiano"]
[Black "Bisignano, Giuseppe"]
[WhiteElo "2105"]
[BlackElo "1891"]
[Result "1-0"]
[PlyCount "57"]
[EventDate "2012.07.27"]

1. d4 Nf6 2. c4 c5 3. d5 d6 4. Nc3 Nbd7 5. Nf3 h6 6. e4 b6 7. Bd3 g6 8. O-O Bb7
9. Re1 Ng4 10. Bf4 Bg7 11. Bg3 O-O 12. h3 Nge5 13. Nxe5 Nxe5 14. f4 Nxd3 15.
Qxd3 e6 16. Kh2 Qd7 17. Rad1 Rac8 18. e5 dxe5 19. fxe5 a6 20. Ne4 Rcd8 21. Nd6
Ba8 22. Rf1 b5 23. Nxf7 Rxf7 24. Rxf7 Qxf7 25. dxe6 Rxd3 26. exf7+ Kxf7 27.
Rxd3 Ke6 28. Rd6+ Kf5 29. Rxa6 1-0

[Event "Open SSM A Agosto"]
[Site "Milano ITA"]
[Date "2012.07.31"]
[Round "6"]
[White "Seminara, Antonio"]
[Black "Bemporad, Filippo"]
[WhiteElo "1978"]
[BlackElo "2077"]
[Result "0-1"]
[PlyCount "38"]
[EventDate "2012.07.27"]

1. d4 Nf6 2. Bg5 d5 3. e3 Bf5 4. Bd3 Bxd3 5. Qxd3 Nbd7 6. Nf3 e6 7. Nbd2 Bd6 8.
O-O O-O 9. e4 dxe4 10. Nxe4 Be7 11. Rfe1 Nxe4 12. Bxe7 Qxe7 13. Qxe4 c6 14.
Rad1 Nf6 15. Qe5 Rad8 16. c4 Rd7 17. d5 Rfd8 18. dxe6 Rxd1 19. exf7+ Qxf7 0-1

[Event "Open SSM A Agosto"]
[Site "Milano ITA"]
[Date "2012.07.31"]
[Round "6"]
[White "Tarelli, Daniele"]
[Black "Papale, Carmelo"]
[WhiteElo "1909"]
[BlackElo "1868"]
[Result "1/2-1/2"]
[PlyCount "134"]
[EventDate "2012.07.27"]

1. e4 c5 2. Nf3 d6 3. d4 cxd4 4. Nxd4 Nf6 5. Nc3 a6 6. Be2 e5 7. Nb3 Be7 8. a4
Be6 9. Be3 Qc7 10. O-O O-O 11. f4 Nbd7 12. f5 Bc4 13. g4 h6 14. Rf2 Bxe2 15.
Qxe2 Nb6 16. Rd1 Rfd8 17. g5 hxg5 18. Bxg5 Qc4 19. Bxf6 Qxe2 20. Rxe2 Bxf6 21.
Rg2 Kf8 22. Na5 Rd7 23. Rgd2 Rad8 24. b3 Ke7 25. Nd5+ Nxd5 26. Rxd5 Bg5 27. Nc4
Bf4 28. Kg2 Rc7 29. c3 Rc5 30. R5d3 Rc6 31. h3 b5 32. Na5 Rc7 33. axb5 axb5 34.
b4 Rdc8 35. Rxd6 Rxc3 36. Rd7+ Ke8 37. Nb7 Rg3+ 38. Kf2 Rc2+ 39. R7d2 Rd3 40.
Rxc2 Rxd1 41. Rc8+ Ke7 42. Rc5 Rd3 43. Rxb5 Rxh3 44. Nc5 Rh2+ 45. Kf3 g5 46.
fxg6 fxg6 47. Rb7+ Kf6 48. Rb6+ Kf7 49. Rb7+ Kf6 50. Rb6+ Kf7 51. Rb7+ Kf6 52.
b5 g5 53. Rb6+ Ke7 54. Kg4 Rf2 55. Nd3 Rg2+ 56. Kf5 g4 57. Nxf4 exf4 58. Kxf4
g3 59. Rg6 Rb2 60. Rxg3 Rxb5 61. e5 Ke6 62. Rg6+ Kf7 63. Ra6 Rb2 64. Ra1 Ke6
65. Ra6+ Ke7 66. Ra1 Ke6 67. Ra8 Rb4+ 1/2-1/2

[Event "Open SSM A Agosto"]
[Site "Milano ITA"]
[Date "2012.07.31"]
[Round "6"]
[White "Virzi, Ettore"]
[Black "D'Avino, Luca"]
[WhiteElo "1964"]
[BlackElo "1863"]
[Result "1/2-1/2"]
[PlyCount "80"]
[EventDate "2012.07.27"]

1. e4 c5 2. Nf3 d6 3. d4 cxd4 4. Nxd4 Nf6 5. Nc3 e6 6. g4 h6 7. h3 a6 8. Bg2
Qc7 9. Be3 Nc6 10. Qe2 Bd7 11. f4 Nxd4 12. Bxd4 Bc6 13. O-O-O O-O-O 14. Rhe1
Be7 15. Qf2 Rd7 16. Bb6 Qb8 17. Kb1 Bd8 18. Be3 Ba5 19. Rd3 d5 20. exd5 Nxd5
21. Nxd5 Bxd5 22. Red1 Rhd8 23. Bxd5 Rxd5 24. Rxd5 Rxd5 25. Rxd5 exd5 26. Bd4
f6 27. Qe3 Kd7 28. Ba7 Qe8 29. Qxe8+ Kxe8 30. f5 Bb4 31. c3 Bd6 32. Kc2 Kd7 33.
Kd3 Kc6 34. Be3 Bg3 35. b3 Be5 36. c4 Bd6 37. Bd4 Bf8 38. Kc3 dxc4 39. Kxc4 b5+
40. Kd3 Kd5 1/2-1/2